000
00280nam a2200121Ia 4500
005
20251222152040.0
008
251222s9999||||xx |||||||||||||| ||spa||
082
_a
615.321/S96
245
0
_a
Plantas Medicinales
250
_a
6ta. ed.
264
_b
Susaeta Ediciones
942
_c
LIB
999
_c
26025
_d
26025